000 00457pab a2200181 454500
008 180718b1987 xxu||||| |||| 00| 0 eng d
100 _aRuhela, S.P.
245 _aTeacher training for special education: Some sociological considerations
260 _c1987
300 _a1-4
362 _a23 Mar.
650 _aSpecial education
650 _aTeachers - Training
650 _aTraining
773 _aUniversity News
908 _aN
909 _a19550
999 _c19550
_d19550